000 00319nam a22001337a 4500
003 OSt
005 20231124151607.0
008 231124b |||||||| |||| 00| 0 eng d
040 _cCO-JMCR
082 _aA /
_bGRAn
100 _aGranero Nono
_eautor
_942929
245 _a¿Un paseo? /
_cNono granero
942 _2ddc
_cBK
999 _c30324
_d16708